000 00492nam a2200181Ia 4500
005 20250508154930.0
008 008 250505s9999 xx 000 0 eng d
037 _aBooks to be hide in OPAC
040 _aFEDL
_beng
_cFEDL
041 _aeng
_2eng
084 _a371.425, RUT/O
_qFEDL
100 _aRuthquist M
_9766417
245 0 _aVocational guidance in Europe just now
260 _c1948
300 _a38p.
942 _cHB
_h371.425, RUT/O
999 _c1352938
_d1352938